[Event "Guildford Spring op"]
[Site "Guildford"]
[Date "2024.04.12"]
[Round "1"]
[White "Damodaran, Patrick"]
[Black "Price, Gwilym"]
[Result "1/2-1/2"]
[WhiteElo "1881"]
[BlackElo "2190"]
[PlyCount "68"]
[EventDate "2024.04.12"]
[EventType "swiss"]
[EventRounds "5"]
[EventCountry "ENG"]
[SourceTitle "CB18_2024"]
[SourceDate "2024.05.01"]
[SourceVersion "1"]
[SourceVersionDate "2024.05.01"]
[SourceQuality "2"]

1. e4 c5 2. Nf3 e6 3. d4 cxd4 4. Nxd4 Nf6 5. Nc3 Nc6 6. Be3 Bb4 7. f3 d5 8. Nxc6 bxc6 9. e5 Nd7 10. f4 0-0 11. Be2 f6 12. exf6 Nxf6 13. a3 Ba5 14. 0-0 Bb6 15. Bd4 Bxd4+ 16. Qxd4 Qb6 17. Qxb6 axb6 18. Bf3 Ne8 19. Ne2 Nd6 20. b3 c5 21. g3 Bb7 22. Nc3 Bc6 23. Rfe1 Rfe8 24. a4 Nf5 25. Nb5 Bxb5 26. axb5 Rxa1 27. Rxa1 Nd4 28. Bg4 Nxc2 29. Ra6 Ne3 30. Bh3 c4 31. bxc4 Nxc4 32. Bf1 Rb8 33. Bxc4 dxc4 34. Kf2 Kf7 1/2-1/2

[Event "Hastings Masters op"]
[Site "Hastings"]
[Date "2024.01.02"]
[Round "6"]
[White "Damodaran, Patrick"]
[Black "Thompson, Ian D"]
[Result "0-1"]
[WhiteElo "1798"]
[BlackElo "2011"]
[PlyCount "140"]
[EventDate "2023.12.28"]
[EventType "swiss"]
[EventRounds "9"]
[EventCountry "ENG"]
[SourceTitle "CB02_2024"]
[SourceDate "2024.01.10"]
[SourceVersion "1"]
[SourceVersionDate "2024.01.10"]
[SourceQuality "1"]

1. d4 d5 2. c4 e6 3. Nc3 Nf6 4. Nf3 Be7 5. Bg5 0-0 6. e3 Nbd7 7. Bd3 dxc4 8. Bxc4 c5 9. 0-0 cxd4 10. exd4 Nb6 11. Bd3 Nbd5 12. Nxd5 Nxd5 13. Bxe7 Qxe7 14. Ne5 b6 15. Be4 Bb7 16. Rc1 Rfc8 17. Re1 Rxc1 18. Qxc1 Rc8 19. Qb1 Nf6 20. Bxb7 Qxb7 21. Qd3 Qd5 22. Qa6 Rc7 23. Rd1 g6 24. h3 Kg7 25. b3 Qe4 26. Qd3 Qxd3 27. Rxd3 Rc1+ 28. Kh2 Rc2 29. a4 Rxf2 30. Nc6 a5 31. Ne7 Kf8 32. Nc8 Nd5 33. Nd6 Ke7 34. Nc4 g5 35. Kg1 Rc2 36. g3 f6 37. Rf3 Rc1+ 38. Kf2 Rd1 39. Ne3 Rd2+ 40. Ke1 Rxd4 41. Nxd5+ Rxd5 42. Ke2 h5 43. Rc3 Rd4 44. Ke3 Rb4 45. Rd3 f5 46. Kf3 h4 47. gxh4 Rxh4 48. Kg3 Rb4 49. Kf3 e5 50. Kg3 Ke6 51. Kg2 f4 52. h4 gxh4 53. Kh3 Kf5 54. Rc3 Ke4 55. Kg2 Rd4 56. b4 axb4 57. Rb3 Kd5 58. a5 bxa5 59. Kf2 Kc4 60. Rh3 Rd2+ 61. Ke1 Ra2 62. Kd1 b3 63. Kc1 a4 64. Kb1 Rg2 65. Rh1 a3 66. Rd1 h3 67. Ka1 h2 68. Kb1 Rg1 69. Kc1 Kc3 70. Rf1 Rxf1# 0-1

[Event "Hastings Masters op"]
[Site "Hastings"]
[Date "2023.01.02"]
[Round "6"]
[White "Damodaran, Patrick"]
[Black "Jacobs, Robert"]
[Result "1/2-1/2"]
[WhiteElo "1701"]
[BlackElo "1905"]
[PlyCount "154"]
[EventDate "2022.12.28"]
[EventType "swiss"]
[EventRounds "10"]
[EventCountry "ENG"]
[SourceTitle "CBM 212 Extra"]
[Source "ChessBase"]
[SourceDate "2023.03.31"]
[SourceVersion "1"]
[SourceVersionDate "2023.03.31"]
[SourceQuality "1"]

1. e4 c5 2. Nf3 Nc6 3. d4 cxd4 4. Nxd4 g6 5. Nc3 Bg7 6. Be3 Nf6 7. f3 0-0 8. Bc4 Qb6 9. Qd2 Nxe4 10. fxe4 Bxd4 11. Bxd4 Qxd4 12. Qxd4 Nxd4 13. 0-0-0 Nc6 14. Nd5 d6 15. Bb5 Bg4 16. Bxc6 Bxd1 17. Rxd1 bxc6 18. Nxe7+ Kg7 19. Nxc6 Rfe8 20. Rd4 a6 21. Kd2 Rac8 22. Na5 Rc5 23. Nb7 Rg5 24. g3 Rb8 25. Nxd6 Rxb2 26. a3 Ra2 27. Nc4 Rh5 28. h4 Rc5 29. Kc3 Rc6 30. Kb3 Ra1 31. Rd3 Rb1+ 32. Ka2 Re1 33. Ne3 Re6 34. Nd5 R1xe4 35. Kb3 Rc6 36. c3 Rc5 37. a4 a5 38. Nb6 Rc6 39. Nd5 Rc8 40. Rd1 Rb8+ 41. Ka3 Re2 42. c4 Rc2 43. Rd4 Rc1 44. Ka2 Rc2+ 45. Ka3 Rb1 46. g4 h6 47. g5 h5 48. Nf6 Rf1 49. Kb3 Rg2 50. c5 Rb1+ 51. Kc4 Rb4+ 52. Kd5 Rxd4+ 53. Kxd4 Kf8 54. Kc4 Ke7 55. Kb5 Rc2 56. Ne4 Kd7 57. Nd6 Rb2+ 58. Kxa5 Kc6 59. Nxf7 Kxc5 60. Ne5 Rb7 61. Ka6 Rg7 62. a5 Kd5 63. Nd3 Kc6 64. Ne5+ Kc5 65. Nd3+ Kd4 66. Nf4 Ke5 67. Nd3+ Kd4 68. Nf4 Ke4 69. Ne6 Re7 70. Nf8 Kf5 71. Kb6 Rf7 72. Nxg6 Kxg6 73. a6 Rf1 74. a7 Ra1 75. Kb7 Rb1+ 76. Kc7 Rc1+ 77. Kb7 Rb1+ 1/2-1/2

[Event "Hastings Masters op"]
[Site "Hastings"]
[Date "2022.12.30"]
[Round "3"]
[White "Damodaran, Patrick"]
[Black "Shepley, Julien M"]
[Result "1-0"]
[WhiteElo "1701"]
[BlackElo "1848"]
[PlyCount "83"]
[EventDate "2022.12.28"]
[EventType "swiss"]
[EventRounds "10"]
[EventCountry "ENG"]
[SourceTitle "CBM 212 Extra"]
[Source "ChessBase"]
[SourceDate "2023.03.31"]
[SourceVersion "1"]
[SourceVersionDate "2023.03.31"]
[SourceQuality "1"]

1. e4 d5 2. exd5 Qxd5 3. Nc3 Qa5 4. d4 Nf6 5. Bd2 Bg4 6. Nf3 e6 7. Bc4 Bb4 8. Qe2 0-0 9. Bb3 Nc6 10. Qe3 Rad8 11. Rg1 Kh8 12. 0-0-0 Bxf3 13. gxf3 Nxd4 14. Rg5 Nf5 15. Qe2 Qb6 16. Qf1 Rg8 17. Qg2 h6 18. Rxf5 exf5 19. Bxf7 Rgf8 20. Qg6 Bxc3 21. Bxc3 Rxd1+ 22. Kxd1 Qxf2 23. Bxf6 Qxf3+ 24. Kd2 Qf2+ 25. Kd1 Qf1+ 26. Kd2 Qf4+ 27. Kd3 Qd6+ 28. Bd4 Qxg6 29. Bxg6 b6 30. Ke3 c5 31. Bc3 Kg8 32. Kf4 a6 33. h4 b5 34. h5 Rd8 35. Bxf5 Kf7 36. Bg6+ Kf8 37. Be4 Rd7 38. b3 Kf7 39. Bg6+ Kf8 40. Kf5 Rd1 41. Ke6 c4 42. Bf7 1-0

[Event "Wch U10"]
[Site "Batumi"]
[Date "2022.09.27"]
[Round "11"]
[White "Damodaran, Patrick"]
[Black "Vincenti, Leonardo"]
[Result "0-1"]
[WhiteElo "1630"]
[BlackElo "1848"]
[PlyCount "128"]
[EventDate "2022.09.16"]
[EventType "swiss"]
[EventRounds "11"]
[EventCountry "GEO"]
[SourceTitle "EXT 2023"]
[Source "ChessBase"]
[SourceDate "2022.10.05"]
[SourceVersion "1"]
[SourceVersionDate "2022.10.05"]
[SourceQuality "1"]

1. e4 c5 2. Nf3 d6 3. d4 cxd4 4. Nxd4 Nf6 5. Nc3 a6 6. Bg5 e6 7. f4 Be7 8. Qf3 Qc7 9. 0-0-0 Nbd7 10. g4 b5 11. Bxf6 Nxf6 12. g5 Nd7 13. f5 Bxg5+ 14. Kb1 Ne5 15. Qh5 Bf6 16. Nxe6 Bxe6 17. fxe6 g6 18. Qh3 Rc8 19. Be2 0-0 20. Rhf1 Bg7 21. exf7+ Kh8 22. Rf4 b4 23. Rh4 Nxf7 24. Bxa6 bxc3 25. Bxc8 Rxc8 26. Rxh7+ Kg8 27. Rxg7+ Kxg7 28. Qxc3+ Qxc3 29. bxc3 Rxc3 30. Re1 Rh3 31. Re2 g5 32. Kb2 g4 33. a4 Kf6 34. c3 Ne5 35. Kb3 Nf3 36. Rg2 Nxh2 37. a5 Kg5 38. a6 Nf3 39. Ra2 Rh8 40. a7 Ra8 41. Kc4 g3 42. Kd5 Ne1 43. Re2 Nd3 44. Kxd6 Rxa7 45. Re3 Ra6+ 46. Kc7 Kf4 47. Rxd3 g2 48. Rd1 Rg6 49. c4 Kxe4 50. c5 g1Q 51. Rxg1 Rxg1 52. c6 Kd5 53. Kb6 Rg6 54. Kb5 Rxc6 55. Kb4 Rc8 56. Kb3 Kd4 57. Kb2 Kd3 58. Kb3 Rb8+ 59. Ka4 Kc4 60. Ka5 Rb1 61. Ka6 Kc5 62. Ka7 Kc6 63. Ka8 Kc7 64. Ka7 Ra1# 0-1

[Event "Wch U10"]
[Site "Batumi"]
[Date "2022.09.25"]
[Round "9"]
[White "Damodaran, Patrick"]
[Black "Ikhsan, Ersultan"]
[Result "0-1"]
[WhiteElo "1630"]
[BlackElo "1198"]
[PlyCount "114"]
[EventDate "2022.09.16"]
[EventType "swiss"]
[EventRounds "11"]
[EventCountry "GEO"]
[SourceTitle "EXT 2023"]
[Source "ChessBase"]
[SourceDate "2022.10.05"]
[SourceVersion "1"]
[SourceVersionDate "2022.10.05"]
[SourceQuality "1"]

1. c4 e5 2. Nc3 Nf6 3. g3 d5 4. cxd5 Nxd5 5. Bg2 Nb6 6. d3 Be7 7. Nf3 Nc6 8. 0-0 0-0 9. a3 Be6 10. b4 a5 11. b5 Nd4 12. Nxd4 exd4 13. Na4 Bd5 14. Nxb6 cxb6 15. a4 Bxg2 16. Kxg2 Qd5+ 17. Kg1 Rfe8 18. Bf4 Bc5 19. Qc2 h6 20. Qa2 Qe6 21. Qxe6 Rxe6 22. Rfe1 Rae8 23. e4 dxe3 24. fxe3 g5 25. Bc7 Bxe3+ 26. Kg2 Rc8 27. Bd6 Rd8 28. Bc7 Rd7 29. Rxe3 Rxe3 30. Bxb6 Rexd3 31. Bxa5 g4 32. Ra2 h5 33. Be1 Rd1 34. Bf2 R7d2 35. Rxd2 Rxd2 36. a5 Ra2 37. b6 Rxa5 38. Bd4 Rd5 39. Bc3 Kf8 40. Kf2 Rd3 41. Be5 Ke8 42. Ke2 Rb3 43. Bd4 Kd7 44. Kd2 Kc6 45. Kc2 Rf3 46. Kd2 Kd5 47. Bg1 Ke4 48. Ke2 Rb3 49. Bf2 Rb2+ 50. Kf1 Kf3 51. Be1 Rb1 52. h3 gxh3 53. Kg1 Rxe1+ 54. Kh2 Re2+ 55. Kxh3 f6 56. g4 hxg4+ 57. Kh4 Rh2# 0-1

[Event "Wch U10"]
[Site "Batumi"]
[Date "2022.09.24"]
[Round "8"]
[White "Gonzalez Argandona, Manuel"]
[Black "Damodaran, Patrick"]
[Result "0-1"]
[WhiteElo "1479"]
[BlackElo "1630"]
[PlyCount "78"]
[EventDate "2022.09.16"]
[EventType "swiss"]
[EventRounds "11"]
[EventCountry "GEO"]
[SourceTitle "EXT 2023"]
[Source "ChessBase"]
[SourceDate "2022.10.05"]
[SourceVersion "1"]
[SourceVersionDate "2022.10.05"]
[SourceQuality "1"]

1. d4 Nf6 2. Bf4 g6 3. Nc3 Bg7 4. e4 d6 5. Qd2 0-0 6. 0-0-0 a6 7. Bh6 b5 8. f3 Bb7 9. h4 e6 10. h5 Qe7 11. Qg5 Nc6 12. Bxg7 Kxg7 13. hxg6 fxg6 14. Qh6+ Kg8 15. Nh3 Qg7 16. Qh4 Bc8 17. Ng5 Bd7 18. f4 Nh5 19. Qh2 Rxf4 20. g3 Rg4 21. Nxe6 Bxe6 22. d5 Bxd5 23. exd5 Nd4 24. Bh3 Rxg3 25. Qd2 Nf3 26. Be6+ Kh8 27. Qf2 Ne5 28. Qd4 Rf8 29. Qa7 Nc4 30. Qxa6 Nxb2 31. Qxb5 Nxd1 32. Nxd1 Qa1+ 33. Qb1 Qxb1+ 34. Kxb1 Ng7 35. Re1 Nxe6 36. dxe6 Rg5 37. Nc3 Re8 38. a4 Re5 39. Rg1 R5xe6 0-1

[Event "Wch U10"]
[Site "Batumi"]
[Date "2022.09.20"]
[Round "5"]
[White "Damodaran, Patrick"]
[Black "Inauri, Alexi"]
[Result "1-0"]
[WhiteElo "1630"]
[BlackElo "1190"]
[PlyCount "45"]
[EventDate "2022.09.16"]
[EventType "swiss"]
[EventRounds "11"]
[EventCountry "GEO"]
[SourceTitle "EXT 2023"]
[Source "ChessBase"]
[SourceDate "2022.10.05"]
[SourceVersion "1"]
[SourceVersionDate "2022.10.05"]
[SourceQuality "1"]

1. e4 c5 2. Nf3 Nc6 3. d4 cxd4 4. Nxd4 g6 5. Nxc6 bxc6 6. Bd3 Bg7 7. Nc3 d6 8. 0-0 Nf6 9. Be3 0-0 10. h3 Bb7 11. f4 Ne8 12. Qe2 d5 13. exd5 cxd5 14. Bc5 Nd6 15. Rae1 Bf6 16. f5 Qc7 17. Bxd6 Qxd6 18. Qg4 Bg7 19. fxg6 hxg6 20. Kh1 e6 21. Ne2 e5 22. Rd1 Qc6 23. Nc3 1-0

[Event "London Chess Classic op 10th"]
[Site "London"]
[Date "2018.12.12"]
[Round "4"]
[White "Damodaran, Patrick"]
[Black "Ganev, Gantcho"]
[Result "0-1"]
[WhiteElo "1156"]
[BlackElo "1634"]
[PlyCount "76"]
[EventDate "2018.12.09"]
[EventType "swiss"]
[EventRounds "5"]
[EventCountry "ENG"]
[SourceTitle "EXT 2021"]
[Source "ChessBase"]
[SourceDate "2020.10.23"]
[SourceVersion "1"]
[SourceVersionDate "2020.10.23"]
[SourceQuality "1"]

1. d4 b5 2. e4 a6 3. f4 e6 4. Nf3 Bb7 5. Bd3 c5 6. c3 Qc7 7. Be3 Nf6 8. Nbd2 c4 9. Bc2 d6 10. 0-0 Be7 11. Ne1 Nc6 12. e5 Nd5 13. Rf3 f6 14. Rh3 0-0-0 15. Qg4 f5 16. Qxg7 Rdg8 17. Qh6 Rg6 18. Qxg6 hxg6 19. Rxh8+ Bd8 20. Rh3 g5 21. fxg5 Nxe3 22. Rxe3 Bxg5 23. Re2 dxe5 24. dxe5 Nxe5 25. Nef3 Qc5+ 26. Kh1 Nxf3 27. Nxf3 Bf4 28. Rf1 Be3 29. Rfe1 f4 30. b3 Qh5 31. Rf1 e5 32. Ree1 e4 33. Nd4 Qg4 34. Bd1 Qg6 35. h3 f3 36. gxf3 Bxd4 37. cxd4 exf3 38. Re8+ Kd7 0-1

[Event "London Chess Classic op 10th"]
[Site "London"]
[Date "2018.12.10"]
[Round "2"]
[White "Damodaran, Patrick"]
[Black "Singha, Swati"]
[Result "0-1"]
[WhiteElo "1156"]
[BlackElo "1427"]
[PlyCount "138"]
[EventDate "2018.12.09"]
[EventType "swiss"]
[EventRounds "5"]
[EventCountry "ENG"]
[SourceTitle "EXT 2021"]
[Source "ChessBase"]
[SourceDate "2020.10.23"]
[SourceVersion "1"]
[SourceVersionDate "2020.10.23"]
[SourceQuality "1"]

1. e4 e5 2. Nf3 Nc6 3. d4 exd4 4. Bc4 h6 5. c3 Nf6 6. e5 d5 7. Bb3 Ne4 8. cxd4 Bb4+ 9. Nbd2 Bg4 10. 0-0 Nxd2 11. Bxd2 Bxf3 12. gxf3 Bxd2 13. Qxd2 Qh4 14. Bxd5 Nxd4 15. Bxb7 c6 16. Kg2 Rd8 17. Qc3 0-0 18. Rad1 Qg5+ 19. Kh1 Qxe5 20. Bxc6 Nxc6 21. Rxd8 Rxd8 22. Qxc6 Qxb2 23. Qc7 Qf6 24. Qg3 Rd3 25. Kg2 Rd5 26. Qb8+ Kh7 27. Qb1+ g6 28. Qe4 Re5 29. Qb7 Rg5+ 30. Kh1 Rf5 31. Kg2 Qg5+ 32. Kh1 Qf4 33. Qe4 Qxf3+ 34. Qxf3 Rxf3 35. Re1 Rxf2 36. Re7 a5 37. Ra7 Rf5 38. Kg2 Kg7 39. Kg3 Kf6 40. Ra6+ Kg5 41. h4+ Kh5 42. Ra7 f6 43. Ra6 g5 44. hxg5 fxg5 45. Re6 Rd5 46. Re4 Rd3+ 47. Kf2 Rd2+ 48. Re2 Rxe2+ 49. Kxe2 Kg4 50. Kf2 Kh3 51. Kg1 Kg3 52. Kf1 h5 53. Kg1 h4 54. Kh1 g4 55. Kg1 h3 56. Kh1 Kf3 57. Kg1 g3 58. Kh1 g2+ 59. Kg1 h2+ 60. Kxh2 Kf2 61. Kh3 g1Q 62. Kh4 Qg3+ 63. Kh5 Kf3 64. a4 Qg4+ 65. Kh6 Kf4 66. Kh7 Qg5 67. Kh8 Kf5 68. Kh7 Kf6 69. Kh8 Qg7# 0-1